01425cam a22002777a 4500999001700000001000900017005001700026008004100043010001700084020002500101035002400126040006400150050002600214100001600240245012200256260009200378300006100470500021800531504005100749600005600800650005700856650004500913710004600958942001501004952012801019 c27371d273711547225720170208112033.0080915s2009 nyua bc 000 0 eng  a 2008937550 a9780300151572 (pbk.) a(OCoLC)ocn262432388 aUKMcUKMdBTCTAdYDXCPdBWXdC#PdCDXdOCLCQdOUNdLMLdDLC00aNK8454.2.J3bE27 20091 aEarle, Joe.10aBuriki :bJapanese tin toys from the golden age of the American automobile : the Yoku Tanaka collection /cJoe Earle. aNew York :bJapan Society ;aNew Haven :bDistributed by Yale University Press,cc2009. a95, [1] p. :bchiefly ill. (chiefly col.) ;c22 x 26 cm. a"This volume accompanies the exhibition Buriki: Japanese tin toys from the golden age of the American automobile, the Yoku Tanaka collection at Japan Society Gallery, New York, July 9-August 16, 2009"--T.p. verso. aIncludes bibliographical references (p. [96]).10aTanaka, Yoku,d1944-xArt collectionsvExhibitions. 0aTin toyszJapanxHistoryy20th centuryvExhibitions. 0aAutomobilesxModelszJapanvExhibitions.2 aJapan Society (New York, N.Y.).bGallery. 2lcccBOOKS 00102lcc4070aMUCbMUCcTECHd2017-02-08eDonation(BFA)l0oNK 8454.2 .J3E27 2009p34763r2018-07-12w2017-02-08yBOOKS